000 00916nam a2200241 a 4500
001 53486
003 BD-RjUL
005 20211209075953.0
008 161016s1968 bg ||||| |||| 00| 0 ben d
020 _c: TK 4.00
035 _a(BD-RjUL)53607
040 _aBD-RjUL
_bben
_cBD-RjUL
041 _aben
082 _223
_a370.15
_bSES 1968
100 _aসেনগুপ্ত, রমণীরঞ্জন
_9159897
245 1 0 _aশিক্ষা :
_bশিক্ষা-বিজ্ঞান ও শিক্ষার-প্রণালী /
_cরমণীরঞ্জন সেনগুপ্ত
250 _a৪র্থ সং.
260 _aঢাকা :
_bপ্রেসিডেন্সি লাইব্রেরী,
_c১৯৬৮ [?]
300 _a৩৬৭ পৃ. ;
_c১৮ সেমি.
650 _aশিক্ষা
_9159898
650 _aEducation
_9159899
942 _2ddc
_cBK
999 _c53486
_d53486